Geography Quiz

Random Geography or State Quiz

Districts of Himachal Pradesh Quiz Stats

 Plays Quiz not verified by Sporcle

Score 0/12 Timer 10:00
0 Plays Today
◦|| District ⎈ ज़िला ||◦ % Correct
Shimla - शिमला - ਸ਼ਿਮਲਾ
96.8%
Kangra - काँगड़ा - ਕਾਂਗੜਾ
94.9%
Hamirpur - हमीरपुर - ਹਮੀਰਪੁਰ
94.9%
Kullu - कुल्लू - ਕੁੱਲੂ
93.6%
Mandi - मंडी - ਮੰਡੀ
92.4%
Chamba - चम्बा - ਚੰਬਾ
91.7%
Lahaul & Spiti - लाहौल और स्पीती - ਲਾਹੌਲ ਅਤੇ ਸਪੀਤੀ
91.1%
Bilaspur - बिलासपुर - ਬਿਲਾਸਪੁਰ
89.8%
Una - उना - ਊਨਾ
89.2%
Solan - सोलन - ਸੋਲਨ
88.5%
Kinnaur - किन्नौर - ਕਿੰਨੌਰ
85.4%
Sirmaur - सिरमौर - ਸਿਰਮੌਰ
84.7%

You're not logged in!

Compare scores with friends on all Sporcle quizzes.
OR
Log In

Show Comments

Extras

Top Quizzes Today


Score Distribution

Your Account Isn't Verified!

In order to create a playlist on Sporcle, you need to verify the email address you used during registration. Go to your Sporcle Settings to finish the process.

Report this User

Report this user for behavior that violates our Community Guidelines.

Details: